=LDR 00000nam 2200000 4500 =001 INLIS000000000049399 =005 20251017100711 =035 ##$$a 0010-021700000000191 =008 251017################g##########0#ind## =020 ##$$a 978-979-17854-0-2 =040 ##$$a NBPDMAT =082 ##$$a 813 Wah =090 ##$$a 899.221 7 $Aba a =100 ##$$a Aba Du Wahid =245 1#$$a Anak pelayan belajar melayani /$c Aba Du Wahid =250 ##$$a Cet. 2 =260 ##$$a Mataram :$b Alam Tara Institut,$c 2008 =300 ##$$a xviii,118 hlm. ; $c 17 x 14 cm =500 ##$$a Biografi hlm : 118 =650 #4$$a Fiksi - Indonesia =850 ##$$a NBPDMAT =084 ##$$a 813 Wah. a =990 ##$$a 21605392 =990 ##$$a 21605393 =990 ##$$a 21605394 =990 ##$$a 21605390 =990 ##$$a 21605391 =990 ##$$a 21605391 =990 ##$$a 21605392 =990 ##$$a 21605393 =990 ##$$a 21605394 =990 ##$$a 21605390